[Event "Lisbon-ch"]
[Site "Lisbon"]
[Date "2015.02.06"]
[Round "5"]
[White "Marques, Hugo Miguel Ferna"]
[Black "Garcia, Antonio Manuel"]
[Result "0-1"]
[WhiteElo "1640"]
[BlackElo "1919"]
[PlyCount "62"]
[EventDate "2015.01.27"]
[EventType "swiss"]
[EventRounds "7"]
[EventCountry "POR"]
[SourceTitle "CBM 164 Extra"]
[Source "ChessBase"]
[SourceDate "2015.03.02"]
[SourceVersion "1"]
[SourceVersionDate "2015.03.02"]
[SourceQuality "1"]

1. e4 c5 2. c3 Qa5 3. Qb3 e6 4. Na3 Nc6 5. Nf3 Nf6 6. Nc4 Qc7 7. e5 Ng4 8. d4 cxd4 9. cxd4 Bb4+ 10. Bd2 Bxd2+ 11. Ncxd2 0-0 12. h3 Nh6 13. Bd3 Qa5 14. 0-0 Nxd4 15. Bxh7+ Kxh7 16. Qd3+ Ndf5 17. g4 g6 18. gxf5 Nxf5 19. Ne4 Kg7 20. Kh2 Rh8 21. Rg1 b6 22. Nd6 Nxd6 23. Qxd6 Qc5 24. Qd2 Bb7 25. Qf4 Qxf2+ 26. Rg2 Qxf3 27. Qxf3 Bxf3 28. Rg3 Bd5 29. Re3 Rac8 30. Kg3 Rc2 31. b3 Rg2+ 0-1